<?xml version="1.0" encoding="UTF-8"?>
<record
    xmlns:xsi="http://www.w3.org/2001/XMLSchema-instance"
    xsi:schemaLocation="http://www.loc.gov/MARC21/slim http://www.loc.gov/standards/marcxml/schema/MARC21slim.xsd"
    xmlns="http://www.loc.gov/MARC21/slim">

  <leader>03143nam a22001817a 4500</leader>
  <controlfield tag="008">180205b        xxu||||| |||| 00| 0 eng d</controlfield>
  <datafield tag="020" ind1=" " ind2=" ">
    <subfield code="a">0801653789</subfield>
  </datafield>
  <datafield tag="050" ind1=" " ind2=" ">
    <subfield code="a">RJ245.W47</subfield>
  </datafield>
  <datafield tag="100" ind1=" " ind2=" ">
    <subfield code="a">WHALEY, Lucille F.</subfield>
  </datafield>
  <datafield tag="245" ind1=" " ind2=" ">
    <subfield code="a">Nursing care of infants and children. /</subfield>
    <subfield code="c">Lucille F. Whaley and Donna L. Wong</subfield>
  </datafield>
  <datafield tag="250" ind1=" " ind2=" ">
    <subfield code="a">4th ed.</subfield>
  </datafield>
  <datafield tag="260" ind1=" " ind2=" ">
    <subfield code="a">Missouri:</subfield>
    <subfield code="b">Mosby-year book, Inc.,</subfield>
    <subfield code="c">1991.</subfield>
  </datafield>
  <datafield tag="300" ind1=" " ind2=" ">
    <subfield code="a">xxxii, 1983p.:</subfield>
    <subfield code="b">ill.;</subfield>
    <subfield code="c">29cm</subfield>
  </datafield>
  <datafield tag="500" ind1=" " ind2=" ">
    <subfield code="a">Includes bibliographical references and index.</subfield>
  </datafield>
  <datafield tag="505" ind1=" " ind2=" ">
    <subfield code="a">Contents: Child health promotion and maintenance: Children, their families, and the nurse: Perspectives of pediatric nursing -- Social, cultural, and religious influences on child health promotion -- Family influences on child health promotion -- Growth and development of children -- Hereditary influences on health promotion of the child and family -- Assessment of the child and family: Communication and health assessment of the child and family -- Physical and developmental assessment of the child -- The newborn: Health promotion of the newborn and family -- Health problems of the newborn -- The high-risk newborn and family -- Conditions caused by defects in physical development -- Infancy: Health promotion of the infant and family -- Health problems during infancy -- Early childhood: Health promotion of the toddler and family -- Health promotion of the preschooler and family -- Health problems of early childhood -- Middle childhood: Health promotion of the school-age child and family -- health problems of middle childhood -- Adolescence: Health promotion of the adolescent and family -- Physical health problems of adolescence -- Behavioral health problems of adolescence -- The child and family with special needs: Impact of chronic illness or disability on the child and family -- Impact of life-threatening illness on the child and family -- The child with cognitive impairment -- The child with sensory or communication impairment -- Nursing care of the ill or hospitalized child: Impact of hospitalization on the child and family: Reaction of the child and family to illness and hospitalization -- Pediatric variations of nursing interventions -- The child with disturbance of fluid and electrolytes: Balance and imbalance of body fluids -- Conditions that produce fluid and electrolyte imbalance -- The child with genitourinary dysfunction -- The child with problems related to transfer of oxygen and nutrients: The child with disturbance of oxygen and carbon dioxide exchange -- The child with respiratory dysfunction -- The child with gastrointestinal dysfunction -- The child with problems related to the production and circulation of blood: The child with cardiovascular dysfunction -- The child with hematologic or immunologic dysfunction -- The child with a disturbance of regulatory mechanisms: The child with cancer -- The child with cerebral dysfunction -- The child with endocrine dysfunction -- The child with a problem that interferes with physical mobility: The child with musculoskeletal or articular dysfunction -- The child with neuromuscular dysfunction.</subfield>
  </datafield>
  <datafield tag="700" ind1=" " ind2=" ">
    <subfield code="a">WONG, Donna L.</subfield>
  </datafield>
  <datafield tag="942" ind1=" " ind2=" ">
    <subfield code="2">lcc</subfield>
    <subfield code="c">BK</subfield>
  </datafield>
  <datafield tag="999" ind1=" " ind2=" ">
    <subfield code="c">6469</subfield>
    <subfield code="d">13969</subfield>
  </datafield>
  <datafield tag="952" ind1=" " ind2=" ">
    <subfield code="0">0</subfield>
    <subfield code="1">0</subfield>
    <subfield code="2">lcc</subfield>
    <subfield code="4">0</subfield>
    <subfield code="7">0</subfield>
    <subfield code="a">WIUC-1</subfield>
    <subfield code="b">WIUC-1</subfield>
    <subfield code="c">NURS L.</subfield>
    <subfield code="d">2018-02-05</subfield>
    <subfield code="l">0</subfield>
    <subfield code="o">RJ245.W47</subfield>
    <subfield code="p">NURS/430/092/18</subfield>
    <subfield code="r">2018-02-05 00:00:00</subfield>
    <subfield code="t">1</subfield>
    <subfield code="w">2018-02-05</subfield>
    <subfield code="y">BK</subfield>
  </datafield>
</record>
